มุมมองปกติ
มุมมองแบบ MARC
- การพัฒนาทางการเมือง
รายการ Topical Term
001 - CONTROL NUMBER
- control field: 12745
003 - CONTROL NUMBER IDENTIFIER
- control field: NALT
005 - DATE AND TIME OF LATEST TRANSACTION
- control field: 20170817134432.0
008 - FIXED-LENGTH DATA ELEMENTS
- fixed length control field: 170817|| aca||aabn | a|a d
040 ## - CATALOGING SOURCE
- Original cataloging agency: NALT
- Transcribing agency: NALT
150 ## - HEADING--TOPICAL TERM
- Topical term or geographic name entry element: การพัฒนาทางการเมือง
670 ## - SOURCE DATA FOUND
- Source citation: Work cat.: (NALT)31470: ไพบูลย์ วราหะไพฑูรย์ 12744, ศาลรัฐธรรมนูญกับการพัฒนาทางการเมืองไทย, 2545
